01266nam a22002417a 4500003000800000008004100008037002800049040002600077041000800103080001300111100003000124245018100154260010000335300002200435500015500457650006600612650006600678650006900744650006900813655002300882700003000905710008900935BI-BuBU200827b1998 bd fr|||| 000 0 fre d a177648bDon de l'auteur aBI-BuBUbfrecBI-BuBU0 afre a658.115.1 4aut.aBukeyeneza, Moïse10aIncidences de la crise (1993) sur l'évolution et la structure des coûts et des résultats financiers de la REGIDESOcpar Moïse Bukeyeneza ; Déo Ngendakumana, directeur aBujumburabUniversité du Burundi, Faculté des Sciences Economiques et Administrativesc1998 aVI-140 f.c29 cm. aMémoire présenté en vue de l'obtention de Diplôme de Licencié en Sciences Economiques et Administratives. Option : Gestion et Administration 72BI-BuBUaRegidesoxCoûtxStructure : crise de 1993zBurundi 72BI-BuBUaCrise de 1993 : RegidesoxCoûtxStructurezBurundi 72BI-BuBUaRegidesoxRésultat financier : crise de 1993zBuurndi 72Bi-BuBUaCrise de 1993 : RegidesoxRésultat financierzBurundi 72BI-BuBUaMémoire1 4dir.aNgendakumana, Déo1 4aut.aUniversité du BurundibFaculté des Sciences Economiques et Administratives